Statistics for Famous Hat-Wearers by Picture

Click here to take the quiz!

General Stats

  • This quiz has been taken 519 times
  • The average score is 12 of 16

Answer Stats

Answer% Correct
Queen Elizabeth II
98%
Charlie Chaplin
96%
Napoleon Bonaparte
94%
Winston Churchill
94%
Michael Jackson
92%
Joseph Stalin
91%
Che Guevara
89%
Al Capone
87%
Jackie Kennedy
83%
John Wayne
73%
Laurel and Hardy
67%
Yoko Ono
67%
Harry Truman
53%
Humphrey Bogart
53%
Yasser Arafat
51%
The {Edge}
42%

Score Distribution

Percentile by Number Answered

Percent of People with Each Score

Your Score History

You have not taken this quiz